00697cam a2200181 a 4500020001800000020001500018040001000033082002600043245012000069260007600189300003900265490004600304650003300350650003600383650001400419700002100433710006100454 a9789251070284 a9251070288 cBTCTA a636 FAO 2011 A028 Or.00aInvestigating the role of bats in emerging zoonoses :bbalancing ecology, conservation and public health interest / aRome :bFood and Agriculture Organization of the United Nations,c2011. axii, 169 p. :bcol. ill. ;c25 cm.1 aFAO animal production and health manual ; 0aBats as carriers of disease. 0aAnimals as carriers of disease. 0aZoonoses.1 aNewman, Scott H.2 aFood and Agriculture Organization of the United Nations.